Влияние глобальных изменений климата на функционирование экономики и здоровье населения России

Bibliografische gegevens
Andere auteurs: Хомяков П. М., Кузнецов В. И., Алферов А. М., Беляков А. А., Бусаров В. Н., Воскресенский И. С., Дубовский С. В., Завадовский А. С., Кирьянов Д. В.
Samenvatting:В книге рассмотрены проблемы влияния глобальных изменений природной среды и климата на экономику России. Впервые подробно исследованы механизмы реализации этого влияния. Показано, как глобальные изменения климата могут повлиять на состояние возобновимых природных ресурсов и экологическое состояние конкретных территорий. Рассмотрено влияние тех или иных изменений природной среды, обусловленных глобальными изменениями климата, на основные отрасли хозяйства.
Taal:Russisch
Gepubliceerd in: Москва, ЛЕНАНД, 2005
Onderwerpen:
Formaat: Boek
KOHA link:https://koha.lib.tpu.ru/cgi-bin/koha/opac-detail.pl?biblionumber=88762

MARC

LEADER 00000nam0a2200000 4500
001 88762
005 20231031102742.0
010 |a 5971000101 
035 |a (RuTPU)RU\TPU\book\95246 
090 |a 88762 
100 |a 20051229d2005 k y0rusy50 ca 
101 0 |a rus 
102 |a RU 
105 |a a z 001zy 
200 1 |a Влияние глобальных изменений климата на функционирование экономики и здоровье населения России  |f П. М. Хомяков [и др.] 
210 |a Москва  |c ЛЕНАНД  |d 2005 
215 |a 417 с.  |c ил. 
320 |a Библиогр.: с. 397-415. 
330 |a В книге рассмотрены проблемы влияния глобальных изменений природной среды и климата на экономику России. Впервые подробно исследованы механизмы реализации этого влияния. Показано, как глобальные изменения климата могут повлиять на состояние возобновимых природных ресурсов и экологическое состояние конкретных территорий. Рассмотрено влияние тех или иных изменений природной среды, обусловленных глобальными изменениями климата, на основные отрасли хозяйства. 
610 1 |a климат 
610 1 |a глобальное потепление 
610 1 |a экономика 
610 1 |a Россия 
610 1 |a население 
610 1 |a здоровье 
610 1 |a влияние 
610 1 |a влияние на организм 
610 1 |a энергетика 
610 1 |a газовая отрасль 
610 1 |a сельское хозяйство 
610 1 |a лесное хозяйство 
610 1 |a водное хозяйство 
610 1 |a реки 
610 1 |a навигация 
610 1 |a навигационные условия 
610 1 |a наводнения 
610 1 |a россыпные месторождения 
610 1 |a человек 
610 1 |a жизнедеятельность 
675 |a 551.583  |v 3 
686 |a У9(2)0  |v LBC/SL-A  |2 rubbk 
701 1 |a Хомяков  |b П. М. 
701 1 |a Кузнецов  |b В. И. 
701 1 |a Алферов  |b А. М. 
701 1 |a Беляков  |b А. А. 
701 1 |a Бусаров  |b В. Н. 
701 1 |a Воскресенский  |b И. С. 
701 1 |a Дубовский  |b С. В. 
701 1 |a Завадовский  |b А. С. 
701 1 |a Кирьянов  |b Д. В. 
801 1 |a RU  |b 63413507  |c 20051229  |g PSBO 
801 2 |a RU  |b 63413507  |c 20060323  |g PSBO 
942 |c BK 
959 |a 120/20051228  |d 1  |e 261  |f НФ:1